| 000 | 00355nam a2200145Ia 4500 | ||
|---|---|---|---|
| 008 | 230917s9999||||xx |||||||||||||| ||und|| | ||
| 040 |
_e47961 _aMAIN |
||
| 041 | _aEnglish | ||
| 082 | _a823.8 D772H:S | ||
| 100 | _aHaining, Peter, ed | ||
| 245 | 2 | _aA Sherlock Holmes: compendium | |
| 260 |
_aLondon _bW H Allen _c1980 |
||
| 300 | _a216 p. | ||
| 942 | _cBK | ||
| 999 |
_c222136 _d222136 |
||